• 首页
  • 本馆介绍
  • 公告通知
  • 最新文献
  • 馆藏检索
  • 电子资源
  • 读者导购
  • 参考咨询
  • 我的图书馆
  • 登录
  • 详细信息显示
  • 放入我的书架
  • 预约/预借图书
  • 作者相关作品
  • 分类相关作品
  • 丛书相关作品
  • 出版社相关作品

书目信息

  • 表格格式
  • 工作单格式
  • 卡片格式
题名:
西方的智慧
    
 
作者: 罗素 著 ;亚北 译
分册:  
出版信息: 北京   中国妇女出版社  2004
页数: 436页
开本: 23cm
丛书名:
单 册:
中图分类: B5 , B561.54
科图分类:
主题词: 哲学史--西方国家
电子资源:
ISBN: 7-80131-824-2
000 00878nam0 2200253 450
001 1575702595
005 20150204210206.10
010    @a7-80131-824-2@dCNY48.00
100    @a20040204d2004 em y0chiy50 ea
101 1  @achi@ceng
102    @aCN@b110000
105    @aa z 000yy
200 1  @a西方的智慧@9xi fang de zhi hui@f(英)伯特兰·罗素著@g亚北译
210    @a北京@c中国妇女出版社@d2004
215    @a436页@c图@d23cm
300    @a罗素一部献给毛泽东的著作
330    @a本书试图写成一部从泰勒斯到维特根斯坦的故事概述,并对这些事迹所涉及的历史背景做出提示。内容包括“苏格拉底之前”、“雅典”、“希腊化时代”等十一个专题。
606 0  @a哲学史@x西方国家
690    @aB5@v5
690    @aB561.54@v5
701  0 @c(英)@a罗素@9luo su@c(Russell, Bertrand Arthur William@f1872~1970)@4著
702  0 @a亚北@9ya bei@4译
801  0 @aCN@bTSSF@c20150204
905    @aZUCC@dB5@eJY7
    
    西方的智慧/(英)伯特兰·罗素著/亚北译.-北京:中国妇女出版社,2004
    436页:图;23cm
    罗素一部献给毛泽东的著作
    
    ISBN 7-80131-824-2:CNY48.00
    本书试图写成一部从泰勒斯到维特根斯坦的故事概述,并对这些事迹所涉及的历史背景做出提示。内容包括“苏格拉底之前”、“雅典”、“希腊化时代”等十一个专题。
●
相关链接 在E读中查询图书 在五车中查询图书 在当当中查询图书 在豆瓣中查询图书


正题名:西方的智慧     索取号:B5/JY7         预约/预借

序号 登录号 条形码 馆藏地/架位号 状态 备注
1 7863880   278638805   学院路分馆/ [索取号:B5/JY7] 在馆    
唐山师范学院图书馆 欢迎您!
大连网信软件有限公司© 版权所有